Presidential Politics Quiz Stats

 Plays Quiz Updated Feb 9, 2021

Support Sporcle.
Go Orange.
Score 0/14 Timer 03:00
0 Plays Today
Question Answer Wrong Answers
Which of these United States Presidents was not assassinated? Calvin Coolidge
88.8%
William McKinley
3.2%
James Garfield
4.2%
Abraham Lincoln
0.4%
Who were the 'Big Three' Allied leaders during World War II, prior to April of 1945? Roosevelt, Churchill, Stalin
84.8%
Roosevelt, Churchill, Franco
3.6%
Truman, Churchill, Stalin
7.3%
Truman, Chamberlain, Mussolini
0.8%
When Theodore Roosevelt split from the Republicans in 1912, what was the nickname of his Progressive third party? Bull Moose
84.8%
Elk
3%
Horse and Buggy
2.5%
Grassroots
6.1%
Who was the third President of the United States? Thomas Jefferson
81.2%
John Adams
8.1%
James Madison
6.7%
Abraham Lincoln
0.5%
Who preceded Franklin Roosevelt as President of the United States? Herbert Hoover
73.1%
Harry Truman
12%
Dwight Eisenhower
3.5%
Calvin Coolidge
7.9%
The Teapot Dome Scandal is associated with which United States President? Warren Harding
72.7%
James Polk
15.6%
Theodore Roosevelt
5.2%
George Washington
2.7%
How many times was Lyndon Johnson elected President of the United States? One
72.3%
Two
5.8%
Zero
17.1%
Three
1.3%
Who is the oldest person to ever be sworn in as President of the United States for their first term? Joe Biden
69.7%
Ronald Reagan
23.7%
Richard Nixon
0.8%
William Howard Taft
2.4%
In what year did Theodore Roosevelt become President of the United States? 1901
68%
1888
5.1%
1924
7.2%
1908
16.2%
How many times was Richard Nixon the Republican candidate for President of the United States? Three
67.9%
Two
22.5%
One
4.7%
Zero
1.4%
Who ran against Dwight Eisenhower during both of his Presidential elections? Adlai Stevenson II
65.2%
Richard Nixon
7.5%
John F. Kennedy
3.4%
Hubert Humphrey
20.3%
Which of these United States Presidents also had a grandfather who served as President? Benjamin Harrison
64.4%
William Henry Harrison
20.3%
Andrew Johnson
4.8%
Lyndon Johnson
6.9%
In which two Presidential election years did Grover Cleveland win? 1884 and 1892
62.1%
1888 and 1892
17.7%
1902 and 1906
6.2%
1864 and 1872
10.3%
How many United States Presidents have died in office? 8
33.9%
6
25.2%
5
15.9%
4
21.6%

You're not logged in!

Compare scores with friends on all Sporcle quizzes.
OR
Log In

From the Vault

Flag Selection: Europe

by jyrops

Some flags just have that European look about them.
Remove Ads.
Support Sporcle.
Get the best of Sporcle when you Go Orange. This ad-free experience offers more features, more stats, and more fun while also helping to support Sporcle. Thank you for becoming a member.

Show Comments

Extras

Top Quizzes Today


Score Distribution

Your Account Isn't Verified!

In order to create a playlist on Sporcle, you need to verify the email address you used during registration. Go to your Sporcle Settings to finish the process.

Report this User

Report this user for behavior that violates our Community Guidelines.

Details: